Poésies, 1860-1874. (Record no. 22905)

MARC details
000 -LEADER
fixed length control field 00632cam a22002291a 4500
001 - CONTROL NUMBER
control field f 01002693
003 - CONTROL NUMBER IDENTIFIER
control field DLC
005 - DATE AND TIME OF LATEST TRANSACTION
control field 20260227111244.0
008 - FIXED-LENGTH DATA ELEMENTS--GENERAL INFORMATION
fixed length control field 870427q18801889fr c 000 0 fre
010 ## - LIBRARY OF CONGRESS CONTROL NUMBER
LC control number f 01002693
035 ## - SYSTEM CONTROL NUMBER
System control number (OCoLC)15600952
040 ## - CATALOGING SOURCE
Original cataloging agency DLC
Transcribing agency ScU
Modifying agency DLC
042 ## - AUTHENTICATION CODE
Authentication code premarc
050 00 - LIBRARY OF CONGRESS CALL NUMBER
Classification number PQ2450.T2
Item number A17 1896
100 1# - MAIN ENTRY--PERSONAL NAME
Personal name Theuriet, André,
Dates associated with a name 1833-1907.
245 10 - TITLE STATEMENT
Title Poésies, 1860-1874.
260 ## - PUBLICATION, DISTRIBUTION, ETC.
Place of publication, distribution, etc. Paris :
Name of publisher, distributor, etc. A. Lemerre
Date of publication, distribution, etc. [188-?]
300 ## - PHYSICAL DESCRIPTION
Extent 252 p. :
Other physical details port. ;
Dimensions 17 cm.
490 0# - SERIES STATEMENT
Series statement Oeuvres de André Theuriet
500 ## - GENERAL NOTE
General note 1st ed., 1879.
505 0# - FORMATTED CONTENTS NOTE
Formatted contents note Le chemin des bois -- Le bleu et le noir.

No items available.

Powered by Koha